[Event "Bochum op"]
[Site "Bochum"]
[Date "2006.09.05"]
[Round "4.7"]
[White "Schreck, Peter"]
[Black "Richter, Bernd"]
[Result "0-1"]
[WhiteElo "1550"]
[BlackElo "1676"]
[PlyCount "46"]
[EventDate "2006.08.15"]
[EventType "swiss"]
[EventRounds "7"]
[EventCountry "GER"]
[SourceTitle "EXT 2007"]
[Source "ChessBase"]
[SourceDate "2006.11.23"]
[SourceVersion "1"]
[SourceVersionDate "2006.11.23"]
[SourceQuality "1"]

1. Nf3 d5 2. c4 d4 3. g3 c5 4. Bg2 Nc6 5. 0-0 e5 6. d3 Be7 7. Nfd2 Bd7 8. Nb3 f5 9. e3 Nf6 10. exd4 cxd4 11. Bg5 0-0 12. Re1 Qc7 13. N1d2 h6 14. Bxf6 Rxf6 15. Nf3 Raf8 16. Qe2 f4 17. Nxe5 fxg3 18. Bd5+ Kh8 19. fxg3 Nxe5 20. Qxe5 Bd6 21. Qxd4 Bxg3 22. Re7 Bf2+ 23. Qxf2 Rxf2 0-1

[Event "Langendreer/Werne op"]
[Site "Bochum"]
[Date "2004.04.21"]
[Round "6"]
[White "Richter, Bernd"]
[Black "Pusch, Hermann"]
[Result "0-1"]
[WhiteElo "1699"]
[BlackElo "1962"]
[PlyCount "50"]
[EventDate "2004.03.17"]
[EventType "swiss"]
[EventRounds "7"]
[EventCountry "GER"]
[SourceTitle "EXT 2006"]
[Source "ChessBase"]
[SourceDate "2005.11.24"]
[SourceVersion "1"]
[SourceVersionDate "2005.11.24"]
[SourceQuality "1"]

1. e4 c5 2. c4 Nc6 3. Nc3 e6 4. b3 Bd6 5. Bb2 Nf6 6. Nf3 Bb8 7. Be2 Nd4 8. 0-0 Qc7 9. g3 a6 10. Re1 h5 11. e5 Ng4 12. Nxd4 cxd4 13. Ne4 Qxe5 14. f4 Qxe4 15. Bxg4 Qg6 16. Bf3 h4 17. Kf2 hxg3+ 18. hxg3 Rh2+ 19. Bg2 Bxf4 20. Qf3 Bxd2 21. Re4 Be3+ 22. Ke2 Qf6 23. Rb1 Qxf3+ 24. Kxf3 b6 25. Bxd4 Bxd4 0-1

[Event "Langendreer/Werne op"]
[Site "Bochum"]
[Date "2004.04.14"]
[Round "5"]
[White "Steinhage, Frank"]
[Black "Richter, Bernd"]
[Result "0-1"]
[WhiteElo "1766"]
[BlackElo "1699"]
[PlyCount "54"]
[EventDate "2004.03.17"]
[EventType "swiss"]
[EventRounds "7"]
[EventCountry "GER"]
[SourceTitle "EXT 2006"]
[Source "ChessBase"]
[SourceDate "2005.11.24"]
[SourceVersion "1"]
[SourceVersionDate "2005.11.24"]
[SourceQuality "1"]

1. e4 c6 2. Nf3 d5 3. Nc3 dxe4 4. Nxe4 Bf5 5. Ng3 Bg6 6. Ne5 e6 7. d4 Bd6 8. Nxg6 hxg6 9. Qf3 Bxg3 10. Qxg3 Qxd4 11. Bd3 Nd7 12. Be3 Qe5 13. Qg4 Ngf6 14. Qb4 Nb6 15. 0-0-0 Nfd5 16. Qc5 Na4 17. Qa3 Nxe3 18. fxe3 Qxe3+ 19. Kb1 Nb6 20. Rhe1 Qg5 21. Re2 Rxh2 22. Rde1 Rxg2 23. Rxe6+ fxe6 24. Rxe6+ Kf7 25. Re1 Rg1 26. Bf1 Re8 27. Qb3+ Nd5 0-1

[Event "Leverkusen-ch op 14th"]
[Site "Leverkusen"]
[Date "2002.03.11"]
[Round "5"]
[White "Luncz, Thomas"]
[Black "Richter, Bernd"]
[Result "1/2-1/2"]
[WhiteElo "1568"]
[BlackElo "1814"]
[PlyCount "71"]
[EventDate "2002.01.14"]
[EventType "swiss"]
[EventRounds "9"]
[EventCountry "GER"]
[SourceTitle "EXT 2004"]
[Source "ChessBase"]
[SourceDate "2003.11.25"]
[SourceVersion "1"]
[SourceVersionDate "2003.11.25"]
[SourceQuality "1"]

1. d4 Nf6 2. Nf3 g6 3. Nc3 Bg7 4. e4 d6 5. Bd3 0-0 6. 0-0 Bg4 7. Re1 Nbd7 8. Be2 c5 9. Rb1 Rc8 10. d5 a6 11. Nd2 Bxe2 12. Nxe2 b5 13. Ng3 c4 14. c3 Ne5 15. f4 Nd3 16. Rf1 Qb6+ 17. Kh1 Nf2+ 18. Rxf2 Qxf2 19. Qf1 Ng4 20. Qxf2 Nxf2+ 21. Kg1 Nd3 22. Nf3 Bh6 23. Ng5 Bxg5 24. fxg5 f6 25. Be3 Rce8 26. b3 f5 27. exf5 gxf5 28. Bd4 e5 29. dxe6 Rxe6 30. bxc4 bxc4 31. Rb7 Rfe8 32. h4 R6e7 33. Rb6 Re1+ 34. Kh2 R8e4 35. Nxf5 Rf4 36. Rb8+ 1/2-1/2

[Event "Leverkusen-ch op 14th"]
[Site "Leverkusen"]
[Date "2002.01.28"]
[Round "2"]
[White "Richter, Bernd"]
[Black "Boehm, Stefan"]
[Result "1/2-1/2"]
[WhiteElo "1814"]
[BlackElo "2038"]
[PlyCount "135"]
[EventDate "2002.01.14"]
[EventType "swiss"]
[EventRounds "9"]
[EventCountry "GER"]
[SourceTitle "EXT 2004"]
[Source "ChessBase"]
[SourceDate "2003.11.25"]
[SourceVersion "1"]
[SourceVersionDate "2003.11.25"]
[SourceQuality "1"]

1. e4 c5 2. Nf3 e6 3. d4 cxd4 4. Nxd4 a6 5. c4 Nf6 6. Bd3 Qc7 7. f4 Bc5 8. Nb3 Ba7 9. Qf3 Nc6 10. e5 Ng8 11. Be3 d6 12. exd6 Qxd6 13. Bxa7 Rxa7 14. 0-0 Nf6 15. Nc3 0-0 16. Rad1 Qc7 17. Ne4 Nxe4 18. Qxe4 g6 19. Nd4 Bd7 20. Nxc6 Bxc6 21. Qd4 Raa8 22. Qf6 Rad8 23. Be2 Qb6+ 24. Kh1 Rxd1 25. Rxd1 Qf2 26. Bf1 h5 27. Qd4 Qh4 28. Kg1 Re8 29. g3 Qg4 30. Bg2 Bxg2 31. Kxg2 h4 32. Qd3 Qh5 33. Rd2 h3+ 34. Kf2 Qc5+ 35. Kf3 e5 36. Qe4 Qa5 37. Rd5 Qxa2 38. Rxe5 Rxe5 39. Qxe5 Qxc4 40. Qb8+ Kg7 41. Qxb7 Qd3+ 42. Kg4 Qf5+ 43. Kf3 Qc2 44. Qb4 Qxh2 45. Qd4+ f6 46. Qf2 Qxf2+ 47. Kxf2 Kf7 48. g4 Ke6 49. Kg3 Kd5 50. Kxh3 Kc4 51. Kh4 Kb3 52. f5 gxf5 53. gxf5 Kxb2 54. Kh5 a5 55. Kg6 a4 56. Kxf6 a3 57. Kg7 a2 58. f6 a1Q 59. f7 Kb3+ 60. Kg8 Qg1+ 61. Kh8 Qd4+ 62. Kg8 Qd5 63. Kg7 Qg5+ 64. Kh7 Qf6 65. Kg8 Qg6+ 66. Kh8 Qf6+ 67. Kg8 Qe6 68. Kh8 1/2-1/2